[Event "36th European Club Cup 2021"]
[Site "Struga"]
[Date "2021.09.19"]
[Round "2.45"]
[White "Haldorsen, Benjamin"]
[Black "Boskovic, Drasko"]
[Result "0-1"]
[WhiteElo "2465"]
[BlackElo "2457"]
[Annotator "ChessBase"]
[PlyCount "102"]
[EventDate "2021.09.18"]
[EventType "team-tourn"]
[EventCountry "MKD"]
[SourceTitle "playchess.com"]
[Source "ChessBase"]
[SourceQuality "1"]
[TimeControl "40/5400+30:1800+30"]

1. e4 {[%emt 0:00:17]} c5 {[%emt 0:00:06]} 2. Nf3 {[%emt 0:00:24]} e6 {[%emt 0:
00:42]} 3. d4 {[%emt 0:01:02]} cxd4 {[%emt 0:00:05]} 4. Nxd4 {[%emt 0:00:05]}
Nf6 {[%emt 0:01:00]} 5. Nc3 {[%emt 0:00:18]} Nc6 {[%emt 0:00:29]} 6. Nxc6 {
[%emt 0:01:47]} bxc6 {[%emt 0:00:06]} 7. e5 {[%emt 0:00:10]} Nd5 {[%emt 0:00:
12]} 8. Ne4 {[%emt 0:00:22]} Bb7 {[%emt 0:00:16]} 9. Bd3 {[%emt 0:07:25]} Qc7 {
[%emt 0:01:04]} 10. f4 {[%emt 0:01:06]} Qb6 {[%emt 0:00:06]} 11. a3 {[%emt 0:
02:42]} Be7 {[%emt 0:00:21]} 12. c4 {[%emt 0:10:57]} f5 {[%emt 0:00:10]} 13.
Nf2 {[%emt 0:02:38]} Nc7 {[%emt 0:28:30]} 14. O-O {[%emt 0:15:38]} c5 {[%emt 0:
02:33]} 15. Qe2 {[%emt 0:04:15]} O-O {[%emt 0:02:26]} 16. Be3 {[%emt 0:01:24]}
Qc6 {[%emt 0:02:00]} 17. Nh3 {[%emt 0:01:13]} d5 {[%emt 0:06:00]} 18. Rac1 {
[%emt 0:17:00]} a5 {[%emt 0:08:03]} 19. Ng5 {[%emt 0:07:01]} d4 {[%emt 0:06:42]
} 20. Bd2 {[%emt 0:01:14]} a4 {[%emt 0:00:23]} 21. Rb1 {[%emt 0:00:53]} Rab8 {
[%emt 0:10:34]} 22. Nf3 {[%emt 0:00:32]} Na8 {[%emt 0:03:08]} 23. Rfc1 {
[%emt 0:04:08]} Ba6 {[%emt 0:00:48]} 24. Ba5 {[%emt 0:01:00]} Nb6 {[%emt 0:01:
31]} 25. Qd1 {[%emt 0:01:15]} Rb7 {[%emt 0:02:22]} 26. Nd2 {[%emt 0:02:34]} g5
{[%emt 0:00:51]} 27. Bc2 {[%emt 0:04:29]} Nxc4 {[%emt 0:04:23]} 28. Bxa4 {
[%emt 0:01:51]} Qd5 {[%emt 0:00:07]} 29. Nxc4 {[%emt 0:02:55]} Bxc4 {[%emt 0:
00:53]} 30. b3 {[%emt 0:01:36]} Ba6 {[%emt 0:00:21]} 31. Bd2 {[%emt 0:00:10]}
gxf4 {[%emt 0:00:29]} 32. Bxf4 {[%emt 0:00:28]} Bd8 {[%emt 0:02:30]} 33. Qf3 {
[%emt 0:01:36]} Qxf3 {[%emt 0:03:22]} 34. gxf3 {[%emt 0:00:02]} Rg7+ {[%emt 0:
02:35]} 35. Kf2 {[%emt 0:00:12]} Bh4+ {[%emt 0:03:04]} 36. Bg3 {[%emt 0:00:10]}
Bg5 {[%emt 0:02:11]} 37. f4 {[%emt 0:01:11]} Be7 {[%emt 0:00:06]} 38. b4 {
[%emt 0:01:09]} h5 {[%emt 0:00:08]} 39. bxc5 {[%emt 0:04:32]} h4 {[%emt 0:00:
10]} 40. Rb6 {[%emt 0:00:00]} hxg3+ {[%emt 0:00:00]} 41. hxg3 {[%emt 0:00:57]}
Bc8 {[%emt 0:03:54]} 42. Bb3 {[%emt 0:01:01]} Kf7 {[%emt 0:00:28]} 43. c6 {
[%emt 0:01:23]} Rfg8 {[%emt 0:05:29]} 44. Rh1 {[%emt 0:05:48]} Bc5 {[%emt 0:04:
02]} 45. Rb5 {[%emt 0:01:25]} Rxg3 {[%emt 0:09:11]} 46. Rh7+ {[%emt 0:05:17]}
Kg6 {[%emt 0:00:34]} 47. Rc7 {[%emt 0:02:36]} Rc3 {[%emt 0:00:54]} 48. Rb8 {
[%emt 0:01:04]} d3+ {[%emt 0:00:22]} 49. Kf3 {[%emt 0:03:52]} d2+ {[%emt 0:00:
51]} 50. Ke2 {[%emt 0:00:07]} Ba6+ {[%emt 0:01:06]} 51. Kxd2 {[%emt 0:00:19]}
Rd3+ {[%emt 0:00:06]} 0-1

[Event "36th European Club Cup 2021"]
[Site "Struga"]
[Date "2021.09.19"]
[Round "2.46"]
[White "Tadic, Stefan"]
[Black "Ranaldi, Lucas"]
[Result "1/2-1/2"]
[WhiteElo "2339"]
[BlackElo "2325"]
[Annotator "NA"]
[PlyCount "117"]
[EventDate "2021.09.18"]
[EventType "team-tourn"]
[EventCountry "MKD"]
[SourceTitle "playchess.com"]
[Source "ChessBase"]
[SourceQuality "1"]
[TimeControl "40/5400+30:1800+30"]

1. e4 {[%emt 0:00:04]} e5 {[%emt 0:00:21]} 2. Nf3 {[%emt 0:01:24]} Nc6 {
[%emt 0:00:07]} 3. Nc3 {[%emt 0:03:10]} Nf6 {[%emt 0:00:13]} 4. Bb5 {[%emt 0:
00:04]} Bb4 {[%emt 0:00:09]} 5. O-O {[%emt 0:00:38]} O-O {[%emt 0:00:09]} 6.
Bxc6 {[%emt 0:00:09]} dxc6 {[%emt 0:00:07]} 7. d3 {[%emt 0:00:07]} Nd7 {
[%emt 0:00:06]} 8. Ne2 {[%emt 0:02:56]} Re8 {[%emt 0:00:06]} 9. Bg5 {[%emt 0:
05:06]} f6 {[%emt 0:00:09]} 10. Be3 {[%emt 0:00:04]} Nf8 {[%emt 0:04:17]} 11.
Nh4 {[%emt 0:02:53]} g6 {[%emt 0:02:47]} 12. c3 {[%emt 0:07:50]} Bd6 {[%emt 0:
12:46]} 13. g3 {[%emt 0:09:07]} Bh3 {[%emt 0:07:01]} 14. Ng2 {[%emt 0:01:32]}
Kg7 {[%emt 0:07:42]} 15. f4 {[%emt 0:08:39]} Qe7 {[%emt 0:08:28]} 16. Qe1 {
[%emt 0:15:43]} Bc5 {[%emt 0:06:27]} 17. Qf2 {[%emt 0:00:35]} Bxe3 {[%emt 0:00:
31]} 18. Qxe3 {[%emt 0:00:03]} c5 {[%emt 0:01:05]} 19. Rf2 {[%emt 0:09:01]}
Bxg2 {[%emt 0:13:08]} 20. Kxg2 {[%emt 0:01:15]} exf4 {[%emt 0:13:48]} 21. Nxf4
{[%emt 0:04:33]} c6 {[%emt 0:00:22]} 22. Re1 {[%emt 0:02:33]} Rad8 {[%emt 0:00:
35]} 23. h4 {[%emt 0:03:59]} Qe5 {[%emt 0:02:28]} 24. h5 {[%emt 0:02:08]} b6 {
[%emt 0:06:48]} 25. Rh1 {[%emt 0:11:19]} Qg5 {[%emt 0:00:50]} 26. Qf3 {[%emt 0:
02:53]} Ne6 {[%emt 0:01:35]} 27. Rh4 {[%emt 0:01:24]} Nxf4+ {[%emt 0:01:57]}
28. Rxf4 {[%emt 0:00:01]} Re6 {[%emt 0:04:13]} 29. hxg6 {[%emt 0:00:34]} hxg6 {
[%emt 0:00:06]} 30. Rg4 {[%emt 0:01:28]} Qh5 {[%emt 0:02:01]} 31. Qf5 {[%emt 0:
01:34]} Qxf5 {[%emt 0:00:17]} 32. exf5 {[%emt 0:00:04]} Re3 {[%emt 0:00:29]}
33. Rxg6+ {[%emt 0:00:33]} Kf7 {[%emt 0:00:17]} 34. Rf3 {[%emt 0:03:28]} Rxf3 {
[%emt 0:02:12]} 35. Kxf3 {[%emt 0:00:01]} Rxd3+ {[%emt 0:00:08]} 36. Ke2 {
[%emt 0:00:03]} Rd8 {[%emt 0:02:40]} 37. Rh6 {[%emt 0:00:11]} Kg7 {[%emt 0:00:
09]} 38. Rg6+ {[%emt 0:00:01]} Kf7 {[%emt 0:00:06]} 39. Rh6 {[%emt 0:00:25]}
Kg7 {[%emt 0:00:26]} 40. Rh2 {[%emt 0:00:00]} c4 {[%emt 0:00:00]} 41. Ke3 {
[%emt 0:05:30]} b5 {[%emt 0:11:33]} 42. g4 {[%emt 0:08:09]} Rd3+ {[%emt 0:03:
35]} 43. Kf4 {[%emt 0:00:16]} Rd1 {[%emt 0:00:20]} 44. Rg2 {[%emt 0:10:18]}
Rf1+ {[%emt 0:04:28]} 45. Kg3 {[%emt 0:01:24]} a5 {[%emt 0:06:15]} 46. Rd2 {
[%emt 0:00:16]} Rb1 {[%emt 0:10:13]} 47. Rd7+ {[%emt 0:00:31]} Kf8 {[%emt 0:00:
00]} 48. Rd6 {[%emt 0:04:51]} Ke7 {[%emt 0:00:00]} 49. Re6+ {[%emt 0:00:01]}
Kf7 {[%emt 0:00:00]} 50. Rxc6 {[%emt 0:00:03]} Rxb2 {[%emt 0:00:00]} 51. Rc7+ {
[%emt 0:00:04]} Kf8 {[%emt 0:00:00]} 52. g5 {[%emt 0:02:31]} fxg5 {[%emt 0:00:
00]} 53. Kg4 {[%emt 0:00:06]} Rxa2 {[%emt 0:00:00]} 54. Kh5 {[%emt 0:01:02]} b4
{[%emt 0:01:44]} 55. cxb4 {[%emt 0:01:36]} axb4 {[%emt 0:00:06]} 56. Rxc4 {
[%emt 0:00:02]} Kf7 {[%emt 0:01:14]} 57. Kxg5 {[%emt 0:00:15]} Rg2+ {[%emt 0:
00:16]} 58. Kf4 {[%emt 0:00:07]} b3 {[%emt 0:00:10]} 59. Rb4 {[%emt 0:00:13]}
1/2-1/2

[Event "36th European Club Cup 2021"]
[Site "Struga"]
[Date "2021.09.19"]
[Round "2.47"]
[White "Hagen, Anders Gjerdrum"]
[Black "Gotovusa, Goran"]
[Result "0-1"]
[WhiteElo "2179"]
[BlackElo "2161"]
[Annotator "NA"]
[PlyCount "56"]
[EventDate "2021.09.18"]
[EventType "team-tourn"]
[EventCountry "MKD"]
[SourceTitle "playchess.com"]
[Source "ChessBase"]
[SourceQuality "1"]
[TimeControl "40/5400+30:1800+30"]

1. d4 {[%emt 0:00:10]} Nf6 {[%emt 0:00:09]} 2. c4 {[%emt 0:00:32]} e6 {[%emt 0:
00:08]} 3. Nc3 {[%emt 0:00:29]} d5 {[%emt 0:00:07]} 4. cxd5 {[%emt 0:00:49]}
exd5 {[%emt 0:00:16]} 5. Bg5 {[%emt 0:00:51]} c6 {[%emt 0:01:19]} 6. e3 {
[%emt 0:01:25]} h6 {[%emt 0:02:14]} 7. Bh4 {[%emt 0:04:42]} Be7 {[%emt 0:04:10]
} 8. Bd3 {[%emt 0:03:22]} O-O {[%emt 0:00:21]} 9. Qc2 {[%emt 0:06:19]} Re8 {
[%emt 0:12:45]} 10. Nf3 {[%emt 0:03:36]} Nbd7 {[%emt 0:00:58]} 11. O-O {
[%emt 0:07:39]} Ne4 {[%emt 0:07:05]} 12. Bxe7 {[%emt 0:02:09]} Qxe7 {[%emt 0:
00:04]} 13. Bxe4 {[%emt 0:01:47]} dxe4 {[%emt 0:00:11]} 14. Nd2 {[%emt 0:00:43]
} Nf6 {[%emt 0:06:17]} 15. Rab1 {[%emt 0:14:45]} Nd5 {[%emt 0:21:25]} 16. Nxd5
{[%emt 0:19:57]} cxd5 {[%emt 0:00:23]} 17. Qb3 {[%emt 0:00:36]} Be6 {[%emt 0:
23:00]} 18. Rbc1 {[%emt 0:03:46]} Rec8 {[%emt 0:02:45]} 19. Nb1 {[%emt 0:06:17]
} Qg5 {[%emt 0:05:15]} 20. Kh1 {[%emt 0:02:53]} Bg4 {[%emt 0:04:10]} 21. Rxc8+
{[%emt 0:07:31]} Rxc8 {[%emt 0:00:34]} 22. Nc3 {[%emt 0:07:22]} b6 {[%emt 0:01:
53]} 23. Qa4 {[%emt 0:01:33]} Rc7 {[%emt 0:01:14]} 24. Qe8+ {[%emt 0:01:41]}
Kh7 {[%emt 0:00:14]} 25. Nb5 {[%emt 0:01:13]} Bf3 {[%emt 0:00:40]} 26. gxf3 {
[%emt 0:00:36]} exf3 {[%emt 0:00:10]} 27. Rg1 {[%emt 0:00:30]} Qxg1+ {[%emt 0:
00:55]} 28. Kxg1 {[%emt 0:00:05]} Rc1# {[%emt 0:00:02]} 0-1

[Event "36th European Club Cup 2021"]
[Site "Struga"]
[Date "2021.09.19"]
[Round "2.48"]
[White "Gjorgjieski, Dejan"]
[Black "Haarr, Jon Kristian"]
[Result "0-1"]
[WhiteElo "2125"]
[BlackElo "2162"]
[Annotator "NA"]
[PlyCount "56"]
[EventDate "2021.09.18"]
[EventType "team-tourn"]
[EventCountry "MKD"]
[SourceTitle "playchess.com"]
[Source "ChessBase"]
[SourceQuality "1"]
[TimeControl "40/5400+30:1800+30"]

1. Nf3 {[%emt 0:00:24]} c5 {[%emt 0:01:00]} 2. b3 {[%emt 0:07:08]} d5 {[%emt 0:
02:48]} 3. e3 {[%emt 0:00:20]} Nc6 {[%emt 0:01:48]} 4. Bb2 {[%emt 0:00:09]} Nf6
{[%emt 0:04:01]} 5. d4 {[%emt 0:10:11]} Bg4 {[%emt 0:04:59]} 6. Be2 {[%emt 0:
02:31]} e6 {[%emt 0:12:19]} 7. O-O {[%emt 0:07:04]} Be7 {[%emt 0:01:13]} 8.
Nbd2 {[%emt 0:02:24]} O-O {[%emt 0:00:41]} 9. Ne5 {[%emt 0:02:38]} Bxe2 {
[%emt 0:02:27]} 10. Qxe2 {[%emt 1:02:41]} Rc8 {[%emt 0:04:23]} 11. c4 {[%emt 0:
00:00]} cxd4 {[%emt 0:09:13]} 12. Nxc6 {[%emt 0:00:00]} Rxc6 {[%emt 0:01:54]}
13. Bxd4 {[%emt 0:00:00]} Qa5 {[%emt 0:01:58]} 14. a3 {[%emt 0:00:00]} Qc7 {
[%emt 0:08:31]} 15. cxd5 {[%emt 0:00:00]} Nxd5 {[%emt 0:00:34]} 16. Nc4 {
[%emt 0:00:00]} Bf6 {[%emt 0:03:18]} 17. Bxf6 {[%emt 0:00:00]} Nxf6 {[%emt 0:
00:08]} 18. a4 {[%emt 0:00:00]} Ne4 {[%emt 0:02:48]} 19. Qb2 {[%emt 0:00:30]}
Rc8 {[%emt 0:04:38]} 20. Rad1 {[%emt 0:00:40]} Rc5 {[%emt 0:04:22]} 21. Rd4 {
[%emt 0:00:39]} Nf6 {[%emt 0:01:55]} 22. Rfd1 {[%emt 0:00:17]} h6 {[%emt 0:00:
36]} 23. h3 {[%emt 0:01:20]} Rd5 {[%emt 0:06:13]} 24. Rxd5 {[%emt 0:01:42]}
exd5 {[%emt 0:01:12]} 25. Ne5 {[%emt 0:00:24]} Ne4 {[%emt 0:01:43]} 26. Rxd5 {
[%emt 0:01:15]} Nc3 {[%emt 0:01:44]} 27. Rd7 {[%emt 0:01:11]} Qxe5 {[%emt 0:00:
19]} 28. Rxb7 {[%emt 0:00:09]} Ne2+ {[%emt 0:00:19]} 0-1

[Event "36th European Club Cup 2021"]
[Site "Struga"]
[Date "2021.09.19"]
[Round "2.49"]
[White "Atlas, Valery"]
[Black "Shevchenko, Kirill"]
[Result "1/2-1/2"]
[WhiteElo "2426"]
[BlackElo "2633"]
[Annotator "TA"]
[PlyCount "80"]
[EventDate "2021.09.18"]
[EventType "team-tourn"]
[EventCountry "MKD"]
[SourceTitle "playchess.com"]
[Source "ChessBase"]
[SourceQuality "1"]

{[%evp 18,80,2,0,16,6,4,10,7,16,11,12,11,0,0,0,0,0,8,0,0,0,0,0,0,0,0,-14,0,-6,
-17,-10,-19,-22,-4,-6,-6,-5,-18,-35,-6,-27,0,0,0,0,745,737,670,0,0,0,0,0,0,0,0,
0,0,0,0,0,0,0,0]} 1. e4 c5 2. Nf3 d6 3. d4 cxd4 4. Nxd4 Nf6 5. Nc3 Nc6 6. g3 g6
7. Bg2 Nxd4 8. Qxd4 Bg7 9. a4 O-O 10. O-O Qc7 {[#] B70: Sicilian Dragon: 6 g3
and 6 Be2 (without a later Be3).} 11. Qd1 $146 ({Predecessor:} 11. a5 Be6 12.
Qb4 Nd7 13. Re1 Bxc3 14. bxc3 Rfc8 15. Bd2 Ne5 16. Reb1 Nc4 17. Bh6 Rab8 18. h4
f6 19. Bf4 b5 20. axb6 {1/2-1/2 (20) Garbarino,R (2415)-Filgueira,H (2315)
Buenos Aires 1996}) 11... Bg4 {[#]} 12. Nd5 $1 Nxd5 13. Qxg4 Nb4 14. c3 Nd3 15.
a5 Rac8 16. Qe2 Nxc1 17. Rfxc1 Qb8 18. Ra4 Rc5 19. Rca1 Qc7 20. h4 Rb8 21. Bf3
h5 22. Bg2 Bf6 23. Kh2 Kg7 24. f4 e6 25. Bf3 d5 26. exd5 exd5 27. Rd1 Rd8 28.
Qg2 {[%cal Rd1d5]} Qd7 29. Raa1 Qb5 30. Rd2 d4 31. cxd4 Rdd5 {[%mdl 8192] [#]}
32. dxc5 $18 Rxc5 33. Rd4 $2 Bxd4 $11 {The position is equal.} 34. Rd1 Bf6 ({
Wrong is} 34... Bxb2 $2 35. Rb1 $18) (34... Be3 {is interesting.} 35. Be4 Bc1
36. Qf2 Qxb2 37. Qxb2+ Bxb2 38. Rd7 Bf6) 35. Bxb7 Qxa5 36. Rd5 Rxd5 37. Bxd5
Bd4 38. b3 Bc3 39. Bc4 Qf5 40. Qd5 Qxd5 {Weighted Error Value: White=0.18/
Black=0.05} 1/2-1/2

[Event "36th European Club Cup 2021"]
[Site "Struga"]
[Date "2021.09.19"]
[Round "2.50"]
[White "Asadli, Vugar"]
[Black "Korsunsky, Yuri"]
[Result "1-0"]
[WhiteElo "2578"]
[BlackElo "2395"]
[Annotator "ChessBase"]
[PlyCount "135"]
[EventDate "2021.09.18"]
[EventType "team-tourn"]
[EventCountry "MKD"]
[SourceTitle "playchess.com"]
[Source "ChessBase"]
[SourceQuality "1"]
[TimeControl "40/5400+30:1800+30"]

1. c4 {[%emt 0:00:06]} Nf6 {[%emt 0:00:41]} 2. g3 {[%emt 0:00:36]} c6 {[%emt 0:
01:07]} 3. Nf3 {[%emt 0:00:41]} d5 {[%emt 0:00:08]} 4. b3 {[%emt 0:01:01]} Bf5
{[%emt 0:01:36]} 5. Bb2 {[%emt 0:00:59]} e6 {[%emt 0:00:15]} 6. Bg2 {[%emt 0:
00:18]} Be7 {[%emt 0:02:55]} 7. d3 {[%emt 0:00:47]} h6 {[%emt 0:00:50]} 8. O-O
{[%emt 0:00:19]} O-O {[%emt 0:00:20]} 9. Nbd2 {[%emt 0:00:06]} a5 {[%emt 0:03:
35]} 10. a3 {[%emt 0:00:33]} Nbd7 {[%emt 0:01:55]} 11. Qc2 {[%emt 0:01:58]} Bh7
{[%emt 0:00:24]} 12. Rfc1 {[%emt 0:07:12]} Re8 {[%emt 0:04:36]} 13. Ne5 {
[%emt 0:07:52]} Nxe5 {[%emt 0:10:37]} 14. Bxe5 {[%emt 0:00:06]} Ng4 {[%emt 0:
02:33]} 15. Bb2 {[%emt 0:01:57]} Bc5 {[%emt 0:03:26]} 16. e3 {[%emt 0:06:00]}
Bd6 {[%emt 0:14:09]} 17. Nf3 {[%emt 0:13:32]} e5 {[%emt 0:02:33]} 18. Qe2 {
[%emt 0:05:09]} Nf6 {[%emt 0:04:57]} 19. cxd5 {[%emt 0:04:08]} cxd5 {[%emt 0:
02:17]} 20. Bh3 {[%emt 0:01:49]} Qb6 {[%emt 0:20:26]} 21. Qd1 {[%emt 0:02:37]}
d4 {[%emt 0:04:05]} 22. e4 {[%emt 0:02:28]} a4 {[%emt 0:00:28]} 23. Nd2 {
[%emt 0:01:31]} Qa6 {[%emt 0:01:08]} 24. bxa4 {[%emt 0:02:04]} Qxa4 {[%emt 0:
01:18]} 25. Nc4 {[%emt 0:00:13]} Qxd1+ {[%emt 0:06:36]} 26. Rxd1 {[%emt 0:00:
11]} Bc7 {[%emt 0:00:01]} 27. a4 {[%emt 0:01:10]} g5 {[%emt 0:01:35]} 28. Rdb1
{[%emt 0:02:40]} g4 {[%emt 0:02:04]} 29. Bf1 {[%emt 0:00:11]} b6 {[%emt 0:00:
44]} 30. Bc1 {[%emt 0:00:49]} Re6 {[%emt 0:00:01]} 31. h3 {[%emt 0:00:39]} h5 {
[%emt 0:00:24]} 32. hxg4 {[%emt 0:00:15]} hxg4 {[%emt 0:00:06]} 33. Be2 {
[%emt 0:00:03]} Kg7 {[%emt 0:02:05]} 34. Bg5 {[%emt 0:01:12]} Nxe4 {[%emt 0:00:
12]} 35. dxe4 {[%emt 0:01:28]} Bxe4 {[%emt 0:00:01]} 36. Re1 {[%emt 0:01:09]}
Bd5 {[%emt 0:02:53]} 37. Nd2 {[%emt 0:07:15]} f6 {[%emt 0:01:49]} 38. Bxg4 {
[%emt 0:05:45]} fxg5 {[%emt 0:00:04]} 39. Bxe6 {[%emt 0:00:04]} Bxe6 {[%emt 0:
00:01]} 40. Rac1 {[%emt 0:00:00]} Ra7 {[%emt 0:00:00]} 41. Nf3 {[%emt 0:02:00]}
Kf6 {[%emt 0:06:24]} 42. Rc6 {[%emt 0:02:22]} d3 {[%emt 0:00:06]} 43. Nd4 {
[%emt 0:07:38]} exd4 {[%emt 0:02:47]} 44. Rcxe6+ {[%emt 0:00:08]} Kf5 {[%emt 0:
00:27]} 45. Re7 {[%emt 0:00:04]} Bb8 {[%emt 0:03:49]} 46. Rxa7 {[%emt 0:05:44]}
Bxa7 {[%emt 0:00:05]} 47. f3 {[%emt 0:01:11]} g4 {[%emt 0:07:21]} 48. fxg4+ {
[%emt 0:02:02]} Kxg4 {[%emt 0:00:50]} 49. Kg2 {[%emt 0:00:42]} d2 {[%emt 0:05:
18]} 50. Rh1 {[%emt 0:01:28]} d3 {[%emt 0:00:45]} 51. Rd1 {[%emt 0:05:27]} Bb8
{[%emt 0:00:19]} 52. Rxd2 {[%emt 0:00:07]} Bxg3 {[%emt 0:00:01]} 53. Rxd3 {
[%emt 0:00:07]} Be5 {[%emt 0:00:36]} 54. Rb3 {[%emt 0:01:26]} Bc7 {[%emt 0:01:
05]} 55. Rc3 {[%emt 0:00:04]} Bd8 {[%emt 0:00:17]} 56. Rc8 {[%emt 0:00:10]} Be7
{[%emt 0:01:36]} 57. Rc6 {[%emt 0:00:17]} Bd8 {[%emt 0:00:08]} 58. Rd6 {
[%emt 0:00:07]} Bc7 {[%emt 0:00:06]} 59. Rf6 {[%emt 0:00:02]} Bd8 {[%emt 0:00:
44]} 60. Rf7 {[%emt 0:00:57]} Bg5 {[%emt 0:00:30]} 61. Kf1 {[%emt 0:00:33]} Kh5
{[%emt 0:03:23]} 62. Ke2 {[%emt 0:00:27]} Kg6 {[%emt 0:00:23]} 63. Rb7 {
[%emt 0:00:25]} Bd8 {[%emt 0:00:06]} 64. Rd7 {[%emt 0:00:04]} Bh4 {[%emt 0:01:
03]} 65. Rd6+ {[%emt 0:00:21]} Kf7 {[%emt 0:00:05]} 66. Rxb6 {[%emt 0:00:44]}
Ke7 {[%emt 0:00:08]} 67. a5 {[%emt 0:00:17]} Kd7 {[%emt 0:00:01]} 68. a6 {
[%emt 0:00:07]} 1-0

[Event "36th European Club Cup 2021"]
[Site "Struga"]
[Date "2021.09.19"]
[Round "2.51"]
[White "Gluhovsky, Mark"]
[Black "Suleymanli, Aydin"]
[Result "0-1"]
[WhiteElo "2275"]
[BlackElo "2536"]
[Annotator "ChessBase"]
[PlyCount "76"]
[EventDate "2021.09.18"]
[EventType "team-tourn"]
[EventCountry "MKD"]
[SourceTitle "playchess.com"]
[Source "ChessBase"]
[SourceQuality "1"]
[TimeControl "40/5400+30:1800+30"]

1. e4 {[%emt 0:00:02]} c6 {[%emt 0:00:06]} 2. Nf3 {[%emt 0:00:10]} d5 {[%emt 0:
00:05]} 3. d3 {[%emt 0:00:05]} dxe4 {[%emt 0:00:15]} 4. dxe4 {[%emt 0:00:07]}
Qxd1+ {[%emt 0:00:05]} 5. Kxd1 {[%emt 0:00:09]} Nd7 {[%emt 0:00:07]} 6. Ne1 {
[%emt 0:03:12]} g6 {[%emt 0:00:06]} 7. Nd3 {[%emt 0:01:14]} Bg7 {[%emt 0:00:42]
} 8. Nd2 {[%emt 0:01:32]} b6 {[%emt 0:05:59]} 9. c3 {[%emt 1:28:29]} a5 {
[%emt 0:02:11]} 10. a4 {[%emt 0:00:00]} Ba6 {[%emt 0:00:29]} 11. Kc2 {[%emt 0:
00:00]} e5 {[%emt 0:08:24]} 12. b3 {[%emt 0:00:00]} Kd8 {[%emt 0:05:20]} 13.
Nb2 {[%emt 0:00:00]} Bxf1 {[%emt 0:05:31]} 14. Rxf1 {[%emt 0:00:00]} Kc7 {
[%emt 0:00:23]} 15. Nd3 {[%emt 0:00:00]} Bh6 {[%emt 0:05:39]} 16. f4 {[%emt 0:
00:00]} exf4 {[%emt 0:02:30]} 17. Nc4 {[%emt 0:00:00]} Re8 {[%emt 0:02:28]} 18.
Bxf4+ {[%emt 0:00:00]} Bxf4 {[%emt 0:00:05]} 19. Rxf4 {[%emt 0:00:00]} f6 {
[%emt 0:00:15]} 20. Re1 {[%emt 0:00:00]} Nh6 {[%emt 0:01:50]} 21. b4 {[%emt 0:
00:00]} axb4 {[%emt 0:01:33]} 22. cxb4 {[%emt 0:00:00]} Re6 {[%emt 0:08:49]}
23. a5 {[%emt 0:00:00]} bxa5 {[%emt 0:01:03]} 24. bxa5 {[%emt 0:00:00]} Nf7 {
[%emt 0:00:59]} 25. Kc3 {[%emt 0:00:00]} Rhe8 {[%emt 0:02:46]} 26. a6 {[%emt 0:
00:00]} Ra8 {[%emt 0:02:50]} 27. Ra1 {[%emt 0:00:00]} g5 {[%emt 0:01:12]} 28.
Rf2 {[%emt 0:00:00]} Rxe4 {[%emt 0:00:18]} 29. Rb2 {[%emt 0:00:00]} Ra7 {
[%emt 0:01:19]} 30. Nd2 {[%emt 0:04:47]} Re8 {[%emt 0:02:14]} 31. Nb3 {[%emt 0:
01:23]} Nd6 {[%emt 0:00:38]} 32. Nbc5 {[%emt 0:01:16]} Nxc5 {[%emt 0:00:12]}
33. Nxc5 {[%emt 0:00:06]} Re5 {[%emt 0:00:08]} 34. Nd3 {[%emt 0:01:24]} Rd5 {
[%emt 0:00:59]} 35. Nb4 {[%emt 0:01:23]} Nb5+ {[%emt 0:05:49]} 36. Kc4 {
[%emt 0:00:40]} Re5 {[%emt 0:03:08]} 37. Nd3 {[%emt 0:00:57]} Re4+ {[%emt 0:00:
07]} 38. Kc5 {[%emt 0:00:50]} Nd4 {[%emt 0:01:00]} 0-1

[Event "36th European Club Cup 2021"]
[Site "Struga"]
[Date "2021.09.19"]
[Round "2.52"]
[White "Sadikhov, Ulvi"]
[Black "Slavin, Gennadie"]
[Result "1-0"]
[WhiteElo "2509"]
[BlackElo "2264"]
[Annotator "ChessBase"]
[PlyCount "97"]
[EventDate "2021.09.18"]
[EventType "team-tourn"]
[EventCountry "MKD"]
[SourceTitle "playchess.com"]
[Source "ChessBase"]
[SourceQuality "1"]
[TimeControl "40/5400+30:1800+30"]

1. c4 {[%emt 0:00:07]} Nf6 {[%emt 0:01:05]} 2. Nc3 {[%emt 0:00:06]} d6 {
[%emt 0:00:18]} 3. g3 {[%emt 0:00:08]} g6 {[%emt 0:00:51]} 4. Bg2 {[%emt 0:00:
05]} Bg7 {[%emt 0:00:13]} 5. d3 {[%emt 0:00:09]} O-O {[%emt 0:00:43]} 6. e4 {
[%emt 0:00:11]} e5 {[%emt 0:02:21]} 7. Nge2 {[%emt 0:01:43]} c6 {[%emt 0:03:37]
} 8. O-O {[%emt 0:00:13]} Be6 {[%emt 0:08:18]} 9. h3 {[%emt 0:00:09]} Ne8 {
[%emt 0:01:28]} 10. b3 {[%emt 0:03:28]} f5 {[%emt 0:23:56]} 11. d4 {[%emt 0:06:
50]} Nf6 {[%emt 0:04:31]} 12. exf5 {[%emt 0:19:15]} Bxf5 {[%emt 0:05:04]} 13.
g4 {[%emt 0:04:13]} Bc8 {[%emt 0:04:49]} 14. dxe5 {[%emt 0:07:06]} dxe5 {
[%emt 0:01:48]} 15. Ba3 {[%emt 0:00:34]} Re8 {[%emt 0:00:29]} 16. Ng3 {[%emt 0:
00:53]} Qxd1 {[%emt 0:10:48]} 17. Raxd1 {[%emt 0:00:25]} Bf8 {[%emt 0:00:45]}
18. Bb2 {[%emt 0:01:34]} Nbd7 {[%emt 0:06:40]} 19. Nce4 {[%emt 0:02:36]} Nxe4 {
[%emt 0:05:00]} 20. Nxe4 {[%emt 0:00:13]} Be7 {[%emt 0:00:33]} 21. Nd6 {
[%emt 0:04:48]} Bxd6 {[%emt 0:00:52]} 22. Rxd6 {[%emt 0:00:08]} Kf7 {[%emt 0:
07:00]} 23. Rfd1 {[%emt 0:01:01]} Nf8 {[%emt 0:01:05]} 24. Re1 {[%emt 0:03:35]}
Nd7 {[%emt 0:02:18]} 25. g5 {[%emt 0:06:04]} a5 {[%emt 0:02:16]} 26. h4 {
[%emt 0:01:58]} a4 {[%emt 0:00:34]} 27. Bh3 {[%emt 0:04:16]} Nb6 {[%emt 0:02:
25]} 28. Bxc8 {[%emt 0:02:15]} Nxc8 {[%emt 0:00:40]} 29. Rf6+ {[%emt 0:01:40]}
Kg8 {[%emt 0:00:08]} 30. Rxe5 {[%emt 0:00:36]} Rxe5 {[%emt 0:00:33]} 31. Bxe5 {
[%emt 0:00:04]} axb3 {[%emt 0:00:30]} 32. axb3 {[%emt 0:00:04]} Ra3 {[%emt 0:
00:54]} 33. Rf3 {[%emt 0:00:51]} Ne7 {[%emt 0:00:46]} 34. Bf6 {[%emt 0:30:12]}
Nf5 {[%emt 0:00:56]} 35. h5 {[%emt 0:00:00]} Kf7 {[%emt 0:00:20]} 36. h6 {
[%emt 0:00:00]} Ke6 {[%emt 0:00:29]} 37. Rd3 {[%emt 0:00:00]} Nxh6 {[%emt 0:01:
26]} 38. Re3+ {[%emt 0:00:00]} Kf5 {[%emt 0:00:15]} 39. Re5+ {[%emt 0:00:00]}
Kf4 {[%emt 0:00:29]} 40. gxh6 {[%emt 0:00:00]} Rxb3 {[%emt 0:00:00]} 41. Kg2 {
[%emt 0:00:00]} b5 {[%emt 0:07:35]} 42. cxb5 {[%emt 0:00:00]} Rxb5 {[%emt 0:01:
18]} 43. Re7 {[%emt 0:00:00]} Kf5 {[%emt 0:00:38]} 44. Bd4 {[%emt 0:00:00]} Rd5
{[%emt 0:03:18]} 45. Be3 {[%emt 0:00:00]} g5 {[%emt 0:00:07]} 46. Rxh7 {
[%emt 0:00:00]} Kg6 {[%emt 0:00:07]} 47. Rc7 {[%emt 0:00:00]} Kxh6 {[%emt 0:05:
36]} 48. Rxc6+ {[%emt 0:00:00]} Kh5 {[%emt 0:00:15]} 49. Rc5 {[%emt 0:00:00]}
1-0